Bankovskaja sistema i jeje rol' v upravlenii ekonomikoj

Guardado en:
Detalles Bibliográficos
Autor principal: Zacharov, Vjačeslav Sergejevič
Formato: Libro
Lenguaje:ruso
Publicado: Moskva Finansy i statistika 1984
Etiquetas: Agregar Etiqueta
Sin Etiquetas, Sea el primero en etiquetar este registro!

MARC

LEADER 00000nam a2200000 4500
001 c106621
005 20041019155137.8
041 0 |a rus 
044 |a RU 
245 1 0 |a Bankovskaja sistema i jeje rol' v upravlenii ekonomikoj  |c Vjačeslav Sergejevič Zacharov 
264 1 |a Moskva  |b Finansy i statistika  |c 1984 
300 |a 150 s. 
100 1 |a Zacharov, Vjačeslav Sergejevič